Yungblud - I Love You, Will You Marry Me - All lyrics - Statistics

General Stats
  • This quiz has been taken 4 times
  • The average score is 248 of 437
Answer Stats
Answer % Correct
I
100%
love
100%
marry
100%
me?
100%
me
100%
will
100%
ya,
100%
you
100%
A
75%
a
75%
can
75%
could
75%
day
75%
day),
75%
day,
75%
day)
75%
Day,
75%
did
75%
Every
75%
(Every
75%
for
75%
he
75%
it
75%
of
75%
Oh,
75%
on
75%
On
75%
so
75%
That
75%
the
75%
the,
75%
they
75%
They
75%
This
75%
time
75%
to
75%
We
75%
we
75%
what
75%
what?
75%
When
75%
Ain't
50%
And
50%
and
50%
be
50%
but
50%
didn't
50%
down
50%
fire
50%
got
50%
gotta
50%
her
50%
Hill
50%
him
50%
left
50%
like
50%
make
50%
out
50%
Out
50%
pay
50%
put
50%
reality
50%
romance)
50%
romance
50%
sad,
50%
sad?
50%
shame
50%
that's
50%
up
50%
us
50%
With
50%
with
50%
would
50%
Adidas
25%
art
25%
article
25%
bring
25%
broken
25%
Cause
25%
cigarettes
25%
cool
25%
coppers,
25%
coppers
25%
couple
25%
exist
25%
expect
25%
from
25%
Fundamental
25%
glory
25%
heart
25%
(Hey!)
25%
his
25%
Juliet
25%
just
25%
kicked
25%
kid
25%
kids
25%
lighting
25%
memory
25%
merch,
25%
name
25%
narcissist
25%
net
25%
never
25%
Now
25%
(Park
25%
piece
25%
postcards
25%
pretty
25%
Romeo
25%
safety
25%
seems
25%
side
25%
sneakers
25%
starve
25%
story
25%
take
25%
thought
25%
Tried
25%
trying
25%
T-shirts,
25%
twisted
25%
version
25%
walk
25%
wire
25%
wrote
25%
act
0%
alcohol
0%
ban
0%
cut
0%
dreamland
0%
famous,
0%
farcical
0%
hands
0%
into
0%
lifts
0%
mess
0%
quirky
0%
re-breaking
0%
single
0%
spray
0%
Turned
0%
write
0%
No matching quizzes found
Score Distribution
Percent of People with Each Score
Percentile by Number Answered
Your Score History
You have not taken this quiz